000 00274nam a22001337a 4500
008 180307b xxu||||| |||| 00| 0 eng d
020 _a9781429260091
041 _aeng
080 _a51
100 _a36
101 _amat
245 _acalculus
_cjon.r
942 _2udc
_cBK
999 _c44238
_d44238